|
|
|
|
| LEADER |
00000nim a2200000 a 4500 |
| 008 |
180926b2010 cr ||||| |||| 00| | spa d |
| 999 |
|
|
|c 2480
|d 2480
|
| 090 |
|
|
|a CD #219
|
| 100 |
1 |
|
|a Fernández, Alejandra
|9 4337
|e Productor/a
|
| 245 |
1 |
0 |
|a Entrevista a Warner Cascante Salas /
|c Alejandra Fernández
|
| 260 |
|
|
|a San José, Costa Rica :
|b Universidad de Costa Rica, Canal 15,
|c 2010
|
| 300 |
|
|
|a 1 disco compacto;
|b video
|
| 500 |
|
|
|a Entrevista realizada a Warner Cascante Salas en el programa "Espectro" sobre software libre
|
| 610 |
|
4 |
|a UNIVERSIDAD DE COSTA RICA
|9 714
|
| 650 |
1 |
4 |
|a SOFTWARE DE CODIGO ABIERTO
|9 231
|
| 650 |
1 |
4 |
|a ENTREVISTAS
|9 81
|
| 942 |
|
|
|i 002501
|h CD #219
|2 z
|c 08
|